00917naa#a2200169#i#4500001001600000005001700016011001400033100004100047102000700088200031500095210005800410215001100468608004500479675015900524700005200683856001200735RU\\bibl\12252620260607134845.7##a2413-046X##a20260527b2026####ek#y0rusy0150####ca##aRU1#aЭконометрическая модель пространственного распределения ресурсов для логистической коммуникации в условиях устойчивого развития Арктической зоныeЖурнальная статья1#aМоскваcЭлектронная наукаd2026##a40 с.##aЖурнальная статья2local##aТранспортное обслуживание. Организация и управление перевозками. Почтовая связь. 656#1aОсиповаgЕлена Эдуардовна4#aiacj.ru